Technology transfer between east and west
Salvato in:
| Autore principale: | |
|---|---|
| Natura: | Libro |
| Lingua: | Undetermined |
| Pubblicazione: |
Paris
OECD
1980
|
| Soggetti: | |
| Tags: |
Aggiungi Tag
Nessun Tag, puoi essere il primo ad aggiungerne! !
|
| Thư viện lưu trữ: | Trung tâm Học liệu Trường Đại học Cần Thơ |
|---|
| LEADER | 00470nam a2200181Ia 4500 | ||
|---|---|---|---|
| 001 | CTU_86639 | ||
| 008 | 210402s9999 xx 000 0 und d | ||
| 082 | |a 338.91 | ||
| 082 | |b Z22 | ||
| 100 | |a Zaleski, Eugene | ||
| 245 | 0 | |a Technology transfer between east and west | |
| 245 | 0 | |c Eugene Zaleski | |
| 260 | |a Paris | ||
| 260 | |b OECD | ||
| 260 | |c 1980 | ||
| 650 | |a Technology transfer | ||
| 904 | |i Năm | ||
| 980 | |a Trung tâm Học liệu Trường Đại học Cần Thơ | ||